=LDR 00000nam 2200000 4500 =001 INLIS000000000027737 =005 20130612130105 =008 ***********************************Ind** =035 ##$$0010-061300000027737 =041 ##$$a Ind =082 ##$$a F Rom K =090 ##$$a F Rom K, Tuj t =245 ##$$a Tujuh bunga ajaib, Tim Ama =260 ##$$a 2003 $b [S.l] =300 ##$$a 24 hlm, ilus, 18 cm =650 ##$$a Fiksi Roman kanak-kanak =850 ##$$a NBPNMAT =990 ##$$a 33223322 =990 ##$$a 20706616